000 00579nam a22001817a 4500
003 0
005 20230817121534.0
008 230817b xxu||||| |||| 00| 0 eng d
020 _a971-1-05247
050 _aDS 668
_b.Sc36 2022
100 _aScott, William Henry
245 _aLooking for the prehispanic filipino and other essays in Philippine history
_cWilliam Henry Scott
260 _aQuezon City
_bNew Day Publishers
_cc2022.
300 _aix, 170 pages ;
_c23 cm.
650 _aHistorical essays.
650 _aPhilippine--History--Literary works.
942 _2lcc
_cBK
999 _c365162
_d365162